Kefahaman operasi asas matematik dikalangan kanak - kanak prasekolah
Saved in:
| Main Author: | |
|---|---|
| Format: | Thesis Book |
| Language: | Malay |
| Published: |
2005.
|
| Subjects: | |
| Tags: |
Add Tag
No Tags, Be the first to tag this record!
|
| LEADER | 00896cam a2200241 a 4500 | ||
|---|---|---|---|
| 001 | u728330 | ||
| 003 | SIRSI | ||
| 005 | 200609290825 | ||
| 008 | 060929s2005 my t 000 0 may m | ||
| 040 | |a UMM | ||
| 043 | |a a-my--- | ||
| 090 | |a LB7 |b UM 2005 Nora | ||
| 100 | 0 | 0 | |a Norlemi Amir. |
| 245 | 1 | 0 | |a Kefahaman operasi asas matematik dikalangan kanak - kanak prasekolah |c Norlemi binti Amir. |
| 260 | |c 2005. | ||
| 300 | |a viii, 122, [3] leaves : |b ill. ; |c 30 cm. | ||
| 502 | |a Dissertation (M.Ed.) -- Fakulti Pendidikan, Universiti Malaya, 2005. | ||
| 504 | |a Bibliography: leaves [1-3]. | ||
| 650 | 0 | |a Mathematics |x Study and teaching (Elementary) |z Malaysia. | |
| 650 | 0 | |a Education, Preschool |z Malaysia. | |
| 710 | 2 | 0 | |a Universiti Malaya. |b Fakulti Pendidikan. |
| 596 | |a 1 | ||
| 999 | |a LB7 UM 2005 NORA |w LC |c 1 |i A512810989 |d 19/6/2016 |e 19/6/2016 |f 8/11/2006 |g 1 |l STACKS |m P01UTAMA |n 51 |r Y |s Y |t TESIS |u 8/11/2006 | ||
